| 000 | 00346nam a22001337a 4500 | ||
|---|---|---|---|
| 008 | 230619b xxu||||| |||| 00| 0 eng d | ||
| 082 |
_a297 _bGIB |
||
| 100 | _cH. A. R. Gibb and Harold Bowen | ||
| 245 | _aIslamic Society and the West | ||
| 260 |
_aLondon _bOxford University Press _c1957 |
||
| 300 | _aIX,386p | ||
| 440 |
_pI _vI |
||
| 942 |
_2ddc _cBK |
||
| 999 |
_c1253 _d1253 |
||